LEADER 01142nam0 22002891i 450 001 SUN0021631 005 20040812120000.0 010 $a88-09-75015-2 100 $a20040812d1993 |0itac50 ba 101 $aita 102 $aIT 105 $a|||| ||||| 200 1 $aAmore e odio nella nursery ed oltre$evoci dall'inconscio$fJule Eisenbud 210 $aFirenze$cPsycho$d1993 215 $aVI, 237 p., [2] c. di tav.$cill.$d21 cm. 454 1$1001SUN0078390$12001 $aLove and hate in the nursery and beyond$91400654 606 $aComplessi psicologici$2FI$3SUNC010419 620 $dFirenze$3SUNL000014 676 $a154.24$v21 700 1$aEisenbud$b, Jule$3SUNV017925$0728898 712 $aPsycho$3SUNV000816$4650 801 $aIT$bSOL$c20181109$gRICA 912 $aSUN0021631 950 $aUFFICIO DI BIBLIOTECA DEL DIPARTIMENTO DI PSICOLOGIA$d16 CONS 622 $e16 VS 2048 995 $aUFFICIO DI BIBLIOTECA DEL DIPARTIMENTO DI PSICOLOGIA$bIT-CE0119$gVS$h2048$kCONS 622$oc$qa 996 $aLove and hate in the nursery and beyond$91400654 997 $aUNICAMPANIA LEADER 02327nam 2200625 450 001 9910777755003321 005 20230125222101.0 010 $a2-7637-0229-5 010 $a1-4416-0348-4 035 $a(CKB)1000000000750141 035 $a(OCoLC)881552303 035 $a(CaPaEBR)ebrary10873975 035 $a(SSID)ssj0001377564 035 $a(PQKBManifestationID)12525409 035 $a(PQKBTitleCode)TC0001377564 035 $a(PQKBWorkID)11318858 035 $a(PQKB)10559237 035 $a(CEL)447816 035 $a(CaBNVSL)thg00911216 035 $a(MiAaPQ)EBC4797035 035 $a(VaAlCD)20.500.12592/x176fs 035 $a(EXLCZ)991000000000750141 100 $a20170223h20062006 uy 0 101 0 $afre 135 $aurcnu|||||||| 181 $ctxt 182 $cc 183 $acr 200 10$aVoyage au bout du sexe $etrafics et tourismes sexuels en Asie et ailleurs /$fFranck Michel 210 1$aQue?bec, Canada :$cLes Presses de l'Universite? Laval,$d2006. 210 4$d©2006 215 $a1 online resource (374 p.) 225 1 $aCollection Nord-Sud. 300 $aBibliographic Level Mode of Issuance: Monograph 311 $a2-7637-8464-X 320 $aIncludes bibliographical references. 327 $aLe tourisme international, un nouvel impe?rialisme -- Le sexe, un marche? mondial en pleine expansion -- E?bats et de?bats d'Occidentaux en que^te de sensations et en mal de sensualite? -- Le Sud devant la colonisation touristique et l'expoloitation sexuelle -- Le tourisme sexuel en Asie : un cauchemar en voie de banalisation -- Le tourisme sexuel en Thai?lande : pouvoir, sexe et capitalisme -- Tourismes sexuels au Cambodge et au Vietnam : marchandisation des corps, recolonisation et mal-de?veloppement des peuples. 410 0$aCollection Nord-Sud (Que?bec, Que?bec) 606 $aSex tourism 606 $aSex tourism$zAsia 606 $aProstitution 606 $aSex industry 615 0$aSex tourism. 615 0$aSex tourism 615 0$aProstitution. 615 0$aSex industry. 676 $a306.743 700 $aMichel$b Franck$0879940 801 0$bMiAaPQ 801 1$bMiAaPQ 801 2$bMiAaPQ 906 $aBOOK 912 $a9910777755003321 996 $aVoyage au bout du sexe$93863097 997 $aUNINA LEADER 01266nam0 22002771i 450 001 UON00062106 005 20231205102311.994 100 $a20020107d1963 |0itac50 ba 101 $apor 102 $aPT 105 $a|||| 1|||| 200 1 $aArte do Oriente Islamico. Collecçao da Fundaçao Calouste Gulbenkian$bExposiçao apresentada em Lisboa, Museu Nacional de Arte Antiga, maio 1963] 210 $aLisboa$cFundaçao Calouste Gulbenkian$d1963 215 $a1 v., c. di tav.$cill.$d22 cm 606 $aARTE ISLAMICA$3UONC002304$2FI 620 $aPT$dLisboa$3UONL003135 686 $aARA IX L$cPAESI ARABI - ARTI - ESPOSIZIONI$2A 712 02$aFundação Calouste Gulbenkian$cLisbona$3UONV000551 712 $aFundação Calouste Gulbenkian . Centro Cultural Português$3UONV279395$4650 801 $aIT$bSOL$c20241213$gRICA 899 $aSIBA - SISTEMA BIBLIOTECARIO DI ATENEO$2UONSI 912 $aUON00062106 950 $aSIBA - SISTEMA BIBLIOTECARIO DI ATENEO$dSI ARA IX L 005 $eSI SA 26915 7 005 966 $aARTE MUSULMANA$yARTE ISLAMICA$3UONC020702 996 $aArte do Oriente Islamico. Collecçao da Fundaçao Calouste Gulbenkian$91173211 997 $aUNIOR